00687nam a2200241 a 4500001001300000003000900013005001700022008004100039020002300080082001500103100002300118245003700141260002900178300000900207500003500216505001000251650001300261700002300274902000800297942000700305952011600312999001700428nice12345678IN_TiNIC20260116013930.0050524s1997 dela grp 000 0 eng  a8170302 c42500a294.3bKAW aKawamura, Leslie S aBodhisattva Doctrine in Buddhism aDelhibSri Satguruc1997 a272p aincludes index and biblioraphy2 aindex aBuddhism1 aKawamura, Leslie S bSRS cBK 001040708StackRoom-aHMIbHMId2010-09-03g425.00l0o294.3 KAWp017707r2010-09-03v425.00w2005-05-24yBK c13161d13161